A Aldeia Sagrada (Record no. 115623)

MARC details
000 -LÍDER
campo de controle de tamanho fixo 00454 a2200193 4500
001 - NÚMERO DE CONTROLE
campo de controle 115623
020 ## - ISBN - INTERNATIONAL STANDARD BOOK NUMBER
ISBN - International Standard Book Number 9788508173501
041 ## - CÓDIGO DE IDIOMA
Código do idioma do texto/trilha sonora ou título diferente por
090 ## - NÚMERO DE CHAMADA LOCAL
Número de chamada (OCLC) (R); Número de chamada, CALL (RLIN) (NR) Year 7 028
040 ## - FONTE DA CATALOGAÇÃO
Instituição da catalogação original BR-BrIDEA
Instituição que transcreveu o registro BR-BrIDEA
100 ## - ENTRADA PRINCIPAL--NOME PESSOAL
Nome pessoal Marins, Francisco
Datas associadas ao nome 1922
250 ## - EDIÇÃO
Edição 35 ed.
245 10 - TÍTULO
Título A Aldeia Sagrada
Indicação de responsabilidade, etc. Francisc Marins
260 ## - PUBLICAÇÃO, DISTRIBUIÇÃO, ETC.
Nome do editor, distribuidor, etc. Ática
Data da publicação, distribuição, etc. 2015
490 ## - TÍTULO DA SÉRIE
Título da série Vaga-Lume
697 ## - ENTRADA DE ASSUNTO LOCAL--ENTIDADE COLETIVA (RLIN)
Nome corporativo ou nome da jurisdição Novela infantojuvenil brasileira.
830 ## - ENTRADA SECUNDÁRIA DE SÉRIE--TÍTULO UNIFORME
Título uniforme Vaga-Lume
942 ## - ELEMENTOS DE ENTRADA ADICIONADOS (KOHA)
Tipo de material Koha Livros
Holdings
Situação do descarte Situação das perdas Fonte da classificação ou esquema de arquivamento na estante Situação física Não pode ser emprestado Biblioteca de origem Biblioteca atual Data de aquisição Total de empréstimos Número de chamada completo Código de barras Data de último acesso Data do preço efetivo Tipo de material Koha
          Canadian School of Niterói - Piratininga Canadian School of Niterói - Piratininga 09/02/2024   MAR A12412 09/02/2024 09/02/2024 Livros
    Classificação Decimal de Dewey     ECB - SUDOESTE ECB - SUDOESTE 07/10/2016   Year 7 028 00024756SSW 23/01/2024 23/01/2024 Livros
          Leonardo Da Vinci - Alphaville 2 Leonardo Da Vinci - Alphaville 2 27/03/2024   028.5 M294a 2A990 27/03/2024 27/03/2024 Livros